الكشاف عن حقائق التنزيل و عيون الأقاويل في وجوه التأويل / (رقم التسجيلة. 17107)

تفاصيل مارك
000 -LEADER
fixed length control field 00657nam a22001817a 4500
005 - DATE AND TIME OF LATEST TRANSACTION
control field 20251108164913.0
008 - FIXED-LENGTH DATA ELEMENTS--GENERAL INFORMATION
fixed length control field 250721s2001 xx 000 0 ara d
082 14 - DEWEY DECIMAL CLASSIFICATION NUMBER
Classification number م/212/زمخ
100 1# - MAIN ENTRY--PERSONAL NAME
Personal name الزمخشري، جار الله أبو القاسم ... الخوارزمي
245 10 - TITLE STATEMENT
Title الكشاف عن حقائق التنزيل و عيون الأقاويل في وجوه التأويل /
250 ## - EDITION STATEMENT
Edition statement ط2.، طبعة جديدة
264 1# - PRODUCTION, PUBLICATION, DISTRIBUTION, MANUFACTURE, AND COPYRIGHT NOTICE
Place of production, publication, distribution, manufacture بيروت :
Name of producer, publisher, distributor, manufacturer دار إحياء التراث العربي،
Date of production, publication, distribution, manufacture, or copyright notice 2001.
300 ## - PHYSICAL DESCRIPTION
Extent
650 17 - SUBJECT ADDED ENTRY--TOPICAL TERM
Topical term or geographic name as entry element القرآن الكريم
650 17 - SUBJECT ADDED ENTRY--TOPICAL TERM
Topical term or geographic name as entry element تفسير القرآن
942 ## - ADDED ENTRY ELEMENTS (KOHA)
Source of classification or shelving scheme Dewey Decimal Classification
Koha item type مراجع
المقتنيات
حالة السحب حالة الفقدان مصدر التصنيف حالة التلف غير قابل للإعارة المكتبة الرئيسية المكتبة الحالية موقع الرف تاريخ التزويد الرقم المتسلسل Total Checkouts رقم الإستدعاء الباركود تاريخ آخر ظهور تاريخ الفاتورة نوع المادة (كوها)
    Dewey Decimal Classification   Not For Loan المكتبة المركزية المكتبة المركزية مراجع 06/07/2004 523622   م/212/زمخ 523622 28/07/2025 06/07/2004 مراجع
    Dewey Decimal Classification   Not For Loan المكتبة المركزية المكتبة المركزية مراجع 06/07/2004 523623   م/212/زمخ 523623 28/07/2025 06/07/2004 مراجع
    Dewey Decimal Classification   Not For Loan المكتبة المركزية المكتبة المركزية مراجع 06/07/2004 523624   م/212/زمخ 523624 28/07/2025 06/07/2004 مراجع
    Dewey Decimal Classification   Not For Loan المكتبة المركزية المكتبة المركزية مراجع 06/07/2004 523625   م/212/زمخ 523625 28/07/2025 06/07/2004 مراجع
Implemented & Customized by: BBB with SCIT (Smart Chains for Information Technology)

Powered by Koha